| Tag |
First Indicator |
Second Indicator |
Subfields |
| LEADER |
00000cam a2200000 4500 |
| 001 |
in00000057264 |
| 005 |
20151008051455.0 |
| 008 |
731016s1948 nyu b 00000 eng u |
| 010 |
|
|
|a 48005686
|
| 035 |
|
|
|a (OCoLC)00718441
|
| 035 |
|
|
|9 AAG8134AM
|
| 040 |
|
|
|c WSU
|d TXA
|d UtOrBLW
|
| 049 |
|
|
|a TXAM
|c [223313]
|
| 050 |
|
0 |
|a HG173
|b .D6
|
| 082 |
0 |
|
|a 332.024
|
| 092 |
|
|
|a 332.024
|b D676p
|
| 100 |
1 |
|
|a Donaldson, Elvin Frank,
|d 1903-1972.
|
| 245 |
1 |
0 |
|a Personal finance.
|
| 264 |
|
1 |
|a New York :
|b Ronald Press Co.,
|c [1948]
|
| 300 |
|
|
|a x, 499 pages :
|b illustrations ;
|c 24cm.
|
| 336 |
|
|
|a text
|b txt
|2 rdacontent
|
| 337 |
|
|
|a unmediated
|b n
|2 rdamedia
|
| 338 |
|
|
|a volume
|b nc
|2 rdacarrier
|
| 504 |
|
|
|a "Selected readings": pages 487-488.
|
| 650 |
|
0 |
|a Finance.
|
| 650 |
|
0 |
|a Finance, Personal.
|
| 999 |
|
|
|a MARS
|
| 999 |
f |
f |
|s e5b299ac-e12a-3f0f-8d1a-216c9726a132
|i 17e9f780-9969-3e08-be02-aeee28baf305
|t 0
|
| 952 |
f |
f |
|p ric
|a Texas A&M University
|b Rellis Campus
|c Joint Library Facility
|d Remote Storage
|t 0
|e HG173 .D6
|h Library of Congress classification
|i unmediated -- volume
|m A14800727382
|
| 998 |
f |
f |
|a HG173 .D6
|t 0
|l Remote Storage
|